Countries and Capitals of Europe - Map Quiz - Statistics

General Stats
  • This quiz has been taken 47 times
  • The average score is 83 of 90
Answers on the Map
Answers color-coded by a green-red scale on the quiz's map according to % correct below.
 
Answer Stats
Country/Capital % Correct
Athens
100%
Belarus
100%
Belgium
100%
Berlin
100%
Brussels
100%
Denmark
100%
Dublin
100%
Estonia
100%
Finland
100%
France
100%
Germany
100%
Greece
100%
Hungary
100%
Ireland
100%
Italy
100%
Latvia
100%
Lisbon
100%
Lithuania
100%
London
100%
Madrid
100%
Moscow
100%
Netherlands
100%
Norway
100%
Paris
100%
Portugal
100%
Rome
100%
Russia
100%
Spain
100%
Sweden
100%
Switzerland
100%
Ukraine
100%
United Kingdom
100%
Vatican City
100%
Vatican City
100%
Albania
97%
Amsterdam
97%
Andorra
97%
Austria
97%
Budapest
97%
Bulgaria
97%
Copenhagen
97%
Croatia
97%
Iceland
97%
Luxembourg
97%
Luxembourg
97%
Malta
97%
Oslo
97%
Poland
97%
San Marino
97%
San Marino
97%
Serbia
97%
Slovakia
97%
Warsaw
97%
Bern
93%
Bosnia and Herzegovina
93%
Czech Republic
93%
Kiev
93%
Kosovo
93%
Liechtenstein
93%
Minsk
93%
Moldova
93%
Monaco
93%
Monaco
93%
Montenegro
93%
North Macedonia
93%
Romania
93%
Slovenia
93%
Stockholm
93%
Vienna
93%
Helsinki
90%
Prague
90%
Reykjavík
90%
Bucharest
87%
Riga
87%
Sofia
87%
Zagreb
83%
Belgrade
80%
Tirana
80%
Andorra la Vella
73%
Bratislava
73%
Ljubljana
73%
Sarajevo
73%
Valletta
73%
Tallinn
70%
Skopje
67%
Vaduz
67%
Vilnius
63%
Pristina
60%
Chișinău
57%
Podgorica
53%
No matching quizzes found
Score Distribution
Percent of People with Each Score
Percentile by Number Answered
Your Score History
You have not taken this quiz